000 00921cam a2200205 4500
001 D6188
008 090401t1981 xxu||||| |||| 00| 0 eng d
035 _a(Sirsi) u89572
041 _aeng
050 _a692.8
110 _aJoint Contracts Tribunal
_93664
245 _aJCT Standard form of building contract 1980 edition with quanitities: contractor`s designed portion supplement (1981): practice note CD/2
260 _bRIBA
_c1981
300 _a20p. 30cm
350 _a0
490 _aJCT Practice Note
_vCD/2
520 _aFiled in box JCT 1981/11A - Archives, C - Loan ; Contents: The new Contractor`s designed portion supplement 1981 edition: insurance: contractor`s design liability for the contractor`s designed portion: commentary on the modifications in the supplement to the JCT standard form with quanitities 1980 edition: notes on the analysis: application of fo
942 _n0
948 _c04/03/1997
999 _c97476
_d97476